000 00589nam a2200229Ia 4500
003 OSt
005 20221007102106.0
006 a|||||r|||| 00| 0
007 ta
008 221006b |||||||| |||| 00| 0 eng d
024 _a9,382
037 _cTextual
040 _aLCO
_cLCO
_beng
041 _2eng
_aeng
082 _aV2,54:(Z), K9
100 _aMASODKAR B A
_9687796
245 0 _aThe Law of Meetings in India
260 _aINDORE
_bLAWYERS HOUSE INDIA
_c1969
300 _a296
942 _hV2,54:(Z), K9
_cTEXL
999 _c1178945
_d1178945